| 000 | 00631naa a2200145Ia 4500 | ||
|---|---|---|---|
| 003 | ES-SlBCS | ||
| 005 | 20210601151858.0 | ||
| 008 | 140520s1999 xxu||||| |||| 00| 0 spa d | ||
| 041 | _aspa | ||
| 100 | 1 |
_aCasamiquela, Rodolfo M. _9339308 |
|
| 245 | 0 | 0 |
_aLos pueblos del extremo austral del continente (Argentina y Chile) _cRodolfo M. Casamiquela |
| 651 | 4 |
_aAmérica Austral-Sociedades Primitivas _9339309 |
|
| 773 | 0 |
_tHistoria General de América Latina : Vol. I : Las sociedades originarias / Teresa Rojas Rabiela, John V. Murra _dMadrid : Trotta / Unesco, 1999 _g, págs. 495-534 _z84-8154-351-3 (Vol. I) _wVA48301 |
|
| 942 | _cAC | ||
| 999 |
_c765540 _d765540 |
||